Informe de la implementación de una estrategia divulgativa y educativa en el AICA Reserva de aves periquito amarillo (Registro nro. 6755)

Detalles MARC
000 -CABECERA
Campo de control 00507nam a2200169 a 4500
005 - FECHA Y HORA DE LA ULTIMA TRANSACCION
Campo de control 20140130120223.0
008 - ELEMENTOS DE LONGITUD FIJA—INFORMACION GENERAL
Campo de control 140130b2007 ck ||||| |||| 00| 0 spa d
041 ## - IDIOMA
Código de idioma para texto/pista de sonido o título separado Español
044 ## - PAÍS DE PUBLICACIÓN
País de publicación Colombia
090 ## - CLASIFICACIÓN LOCAL
Colección IAVH
Consecutivo 01272
100 ## - ASIENTO PRINCIPAL--NOMBRE PERSONAL
Nombre personal Ruiz, Febe Lucía
245 ## - MENCION DE TITULO
Título Informe de la implementación de una estrategia divulgativa y educativa en el AICA Reserva de aves periquito amarillo
260 ## - PUBLICACION, DISTRIBUCION, ETC. (PIE DE IMPRENTA)
Lugar de publicación, distribución, etc. Bogotá
Nombre del editor, distribuidor, etc. IAVH
Fecha de publicación, distribución, etc. 2007
300 ## - DESCRIPCION FISICA
Extensión 58 p.
662 ## - ASIENTO SECUNDARIO DE MATERIA - JERARQUIA DEL NOMBRE DE LUGAR(
Jurisdicción política intermedia Macizo de Mamapacha
Jurisdicción política de primer orden Boyacá
942 ## - ELEMENTOS ADICIONALES (KOHA)
Tipo de ítem Impreso
Sistema de clasificación Library of Congress Classification
Existencias
Withdrawn status Lost status Sistema de Clasificación Damaged status No para préstamo Colección Ubicación Permanente Ubicación actual Fecha de adquisición Total Checkouts Número topográfico Inventario / Código de Barras Date last seen Ejemplar Price effective from Tipo de material
    Local     Humboldt Bogotá Bogotá 10/01/2009   IAVH-01272 026703 04/12/2012 Ej. 1 04/12/2012 Informe Técnico